| 000 | 00434pab a2200157 454500 | ||
|---|---|---|---|
| 008 | 180718b2005 xxu||||| |||| 00| 0 eng d | ||
| 100 | _aTorche, Florencia | ||
| 245 | _aUnequal but fluid: social mobility in Chile in comparative perspective | ||
| 260 | _c2005 | ||
| 300 | _ap.422-50. | ||
| 362 | _aJun | ||
| 650 | _aSocial mobility - Chile | ||
| 650 | _aSocial mobility | ||
| 773 | _aAmerican Sociological Review | ||
| 909 | _a66508 | ||
| 999 |
_c66508 _d66508 |
||